01455nam a22002417a 4500952012000000999001700120005001700137008004100154020001500195050002400210100003600234245011900270260003200389300001800421337001000439338001400449500003700463505058900500519006201089650002601151650002401177942001201201 00102lcc4070a20b20d2015-09-18l1m1oGT4987.16 V14 1998p20 002694r2025-02-27s2025-02-13t1w2015-09-18yLB c98099d9809920231102151851.0150918b1998 MX ||||| |||| 00| 0 spa d a9681331192 aGT4987.16bV14 1998 aVertí, Sebastián e , autor aEl libro clásico de la navidad en Méxicob : Costumbres y tradiciones de nuestro pueblo c / Sebastián Verti aMéxicob : Dianac , 1998 a336 páginas aTexto aSin medio aincluye índice y dedicatoría aLas flores en el esplendor y grandeza de nuestra época prehispánica. La flor de noche buena En México perdieron su nombre original. Los villancicos: una tradición popular navideña Las posadas, historia de una tradición La dulce y tierna tradición: el arrullo de Jesús niño !Dale, dale, dale, no pierdas el tino! La piñata navideña Las pastorelas: enseñanza y diversión El nacimiento El árbol de naidad. Tradición que Méxivo adoptó de los Estados Unidos de Norteamérica La cocina navideña en México Día de los inocentes Año Nuevo en México aMaterial Complementario / bGastronomía / d(20 002694) 0aTRADICIONES MEXICANAS 0aNAVIDAD EN MÉXICO cLB2lcc